Obraz "svojho a iných" etník v orálenej histórii nemeckého obyvateľstva Švedlára

Bibliographic Details
Main Author: Búriková, Zuzana, 1975- (Author)
Format: Article
Language:Slovak
Subjects:

MARC

LEADER 00000nab a2200000 a 4500
001 vtls000728734
003 SK-MaSNL
005 20260304111205.0
008 250429c2000 xo 0 slo
015 |a SNBRB2000/08-20162 
035 |a CLN000080880 
035 |a urn:nbn:sk:snk-abk2t 
035 |a (urnnbn)urn:nbn:sk:snk:ar-a039om 
035 |a (uuid)5ca78c38-66e7-4f96-84be-a693f887a8b5 
040 |a SNKBUCL  |b slo  |c SNKBUCL  |e AACR2 
041 0 |a slo 
044 |a xo  |c SK 
080 |a 301.152(437.6=30)(091)  |2 1997 
100 1 |a Búriková, Zuzana,  |d 1975-  |4 aut  |9 134016 
245 1 0 |a Obraz "svojho a iných" etník v orálenej histórii nemeckého obyvateľstva Švedlára  |c Zuzana Búriková 
504 |a Res. angl. 
504 |a Bibliogr. odkazy 
650 0 7 |a Nemci  |x identita etnická  |z Švedlár (Slovensko)  |2 snkbucl  |9 1411001 
650 0 7 |a identita etnická  |x Nemci  |z Slovensko  |2 snkbucl  |9 1411002 
655 7 |a články z novín a časopisov  |2 snkbucl  |9 267496 
773 0 |t Slovenský národopis  |g Roč. 48, č. 1 (2000), s. 24-52  |x 1335-1303 
850 |a Slovenská národná knižnica 
852 |a Slovenská národná knižnica 
954 |a odborná, vedecká literatúra pôvodná (slovenská)  |2 lita 
958 |a article27 
958 |a SK 
958 |a DE 
958 |a NB 
958 |a OND 
958 |a EUIPO 
992 |a RBX 
999 |c 2861921  |d 2863851